Podział administracyjny Beninu - Statystyki

Ogólne statystyki
  • Ten quiz został rozwiązany 15 razy
  • Średni wynik to 9 z 12
Statystyki odpowiedzi
Odpowiedź % Poprawnych
Alibori
88%
Atlantique
88%
Borgou
75%
Collines
75%
Donga
75%
Mono
75%
Atacora
63%
Couffo
63%
Littoral
63%
Ouémé
63%
Plateau
63%
Zou
63%
Nie znaleziono quizów pasujących do podanych kryteriów
Rozkład punktacji
Procent ludzi z każdym wynikiem
Percentyl według liczby udzielonych odpowiedzi
Twoja historia wyników
Nie rozwiązałeś tego quizu